Sharjah Art Foundation Library

ابتسامة النائم: مختارات شعرية/ (Record no. 6649)

MARC details
000 -LEADER
fixed length control field 00506nam a2200157Ia 4500
001 - CONTROL NUMBER
control field 6649
008 - FIXED-LENGTH DATA ELEMENTS--GENERAL INFORMATION
fixed length control field 260622s9999 xx 000 0 und d
020 ## - INTERNATIONAL STANDARD BOOK NUMBER
International Standard Book Number 9789947859339
245 #0 - TITLE STATEMENT
Title ابتسامة النائم: مختارات شعرية/
Statement of responsibility, etc. نوري جرّاح
260 ## - PUBLICATION, DISTRIBUTION, ETC.
Place of publication, distribution, etc. الجزائر؛
Name of publisher, distributor, etc. جمعية البيت للثقافة و الفنون؛
Date of publication, distribution, etc. 2010
300 ## - PHYSICAL DESCRIPTION
Extent 388p;
Dimensions 15x15cm
546 ## - LANGUAGE NOTE
Language note Arabic
650 ## - SUBJECT ADDED ENTRY--TOPICAL TERM
Topical term or geographic name entry element PN1010-1525 Literature- Poetry
9 (RLIN) 2770
651 ## - SUBJECT ADDED ENTRY--GEOGRAPHIC NAME
Geographic name Levant
Geographic subdivision Syria
9 (RLIN) 9506
942 ## - ADDED ENTRY ELEMENTS (KOHA)
Koha item type Book
Holdings
Withdrawn status Lost status Damaged status Not for loan Collection Home library Current library Date acquired Total Checkouts Full call number Barcode Date last seen Price effective from Koha item type
        Language and Literature SAF Reference Library SAF Reference Library 06/22/2026   PN1010-1525 160.43 6649 06/22/2026 06/22/2026 Book

Copyright © 2022. Sharjah Art Foundation. All Rights Reserved.